000 00261nam a2200097Ia 4500
001 848547
005 20250826173420.0
008 250824s9999 xx 000 0 und d
245 0 _aÖLÜ BİR KENTİN MORG ALFABESİ
_cKAHRAMAN TAZEOĞLU
260 _bDESTEK YAYINLARI
999 _c848547
_d848547